Statistiken für Liedtext - Auf uns - Andreas Bourani

Klicken Sie hier um das Quiz zu spielen!

Allgemein

  • Dieses Quiz wurde 1.199 mal gespielt
  • Das Durchschnittsergebnis liegt bei 244 aus 292

Antwortstatistiken

Textquiz% Korrekt
uns
100%
auf
99%
Auf
99%
die
98%
ein
98%
Ein
98%
Hoch
97%
diese
96%
das
90%
der
90%
Der
90%
den
89%
Leben
89%
Moment
89%
Und
89%
und
89%
Im
88%
bleibt
87%
es
87%
was
87%
immer
86%
dieses
84%
für
84%
Tag
84%
wir
84%
Wir
84%
Zeit
84%
ewig
83%
diesen
82%
jetzt
81%
Beste
79%
gibt
79%
sein
79%
Wer
79%
vereint
78%
vor
78%
Dass
77%
Feuer
77%
liegt
77%
nicht
77%
kann
76%
so
75%
So
75%
Besser
74%
durch
73%
Unendlichkeit
73%
einen
72%
friert
70%
lang
69%
an
68%
hinter
68%
jeden
68%
Hier
67%
liegen
67%
sind
67%
Tage
67%
Wie
67%
allein
65%
auch
65%
geht
65%
jeder
65%
Freude
64%
niemals
64%
Wird
64%
Feuerwerk
63%
schon
63%
Tränen
63%
unsere
63%
aus
62%
durch's
62%
teilen
62%
Regen
61%
stehen
61%
geblieben
60%
Herzen
60%
Nacht
60%
viele
59%
macht
58%
solange
58%
steuern
58%
Lichter
57%
Unsterblich
57%
unsterblich
57%
bis
56%
ins
56%
Denkt
54%
ohne
54%
Reue
54%
Treue
54%
zieht
54%
Augenblick
53%
Endorphinen
52%
ewige
52%
Grab
52%
schwör'n
50%
Vom
50%
ersten
49%
Schritt
49%
haben
48%
Vergolden
44%
Flügel
32%

Verteilung der Resultate

Perzentil nach korrekt beantworteten Fragen

Anzahl Personen mit jedem Resultat

Ihre Resultats-Entwicklung

Sie haben dieses Quiz noch nicht gespielt